Galatasaray Kader 2023/2024 - Statistiken

Allgemein
  • Dieses Quiz wurde 296 mal gespielt
  • Das Durchschnittsergebnis liegt bei 16 aus 31
Antwortstatistiken
Nummer Torwart % Korrekt
1 Muslera
98%
9 Mauro Icardi
90%
50 Jankat Yilmaz
80%
7 Kerem Aktürkoglu
80%
10 Mertens
78%
93 Sascha Boey
76%
34 Lucas Torreira
75%
8 Kerem Demirbay
73%
14 Wilfried Zaha
66%
43 Abdülkerim Bardakçı
65%
6 Sanchez
65%
25 Nelsson
64%
53 Yilmaz
64%
23 Kaan Ayhan
63%
22 Ziyech
63%
Buruk
56%
91 Tanguy Ndombele
50%
27 Sergio Oliveira
48%
20 Tete
48%
3 Angelino
45%
88 Kazimcan Karatas
41%
94 Cedric Bakambu
40%
5 Eyüp Aydin
39%
83 Akman
38%
81 Akman
38%
21 Dervisoglu
24%
58 Ali Bülbül
11%
12 Atakan Ordu
11%
56 Demiroglu
9%
58 Yesilyurt
8%
19 Günay Güveni
2%
Keine übereinstimmenden Quizze gefunden
Verteilung der Resultate
Anzahl Personen mit jedem Resultat
Perzentil nach korrekt beantworteten Fragen
Ihre Resultats-Entwicklung
Sie haben dieses Quiz noch nicht gespielt